000
00252nam a2200109Ia 4500
008
190216s9999||||xx |||||||||||||| ||und||
100
_a
Muhiyaddin A M
245
0
_a
Arab Lokam
260
_b
C I C C Book House
650
_a
Islamic History
942
_c
BK
999
_c
21929
_d
21929